000 00742nam a22002057a 4500
008 081208t xxu||||| |||| 00| 0 eng d
010 _aENG-92067
020 _c60.00
035 _aEN-75600
037 _bDBAD / PUB
040 _adpl
_bEnglish
082 _a371.4
100 _aRani, S.
245 _aGuidance and counselling:
_cby S. Rani
_b(college and career) /
260 _aPerambalur
_bMercury Printers & Publishers
_c2008
300 _a77p.
_c22cm (pbk)
650 _aEducational counselling
_zIndia.
942 _2ddc
_cEN
_mRAN
_h371.4
999 _c19579
_d19579